Gaston Gallimard (Record no. 66505)

MARC details
000 -LEADER
campo de control de longitud fija 01107nam a2200337 i 4500
001 - NÚMERO DE CONTROL
campo de control 66505
003 - IDENTIFICADOR DE NÚMERO DE CONTROL
campo de control ES-MaACL
005 - FECHA Y HORA DE LA ÚLTIMA TRANSACCIÓN
campo de control 20260508132704.0
007 - CAMPO FIJO DE DESCRIPCIÓN FÍSICA--INFORMACIÓN GENERAL
campo de control de longitud fija t|
008 - DATOS DE LONGITUD FIJA--INFORMACIÓN GENERAL
campo de control de longitud fija 030507s2003 sp ||||0| spa d
020 ## - NÚMERO INTERNACIONAL ESTÁNDAR DEL LIBRO
Número Internacional Estándar del Libro 84-8307-544-X
040 ## - FUENTE DE CATALOGACIÓN
Centro catalogador/agencia de origen M-BN
Lengua de catalogación spa
Centro/agencia transcriptor M-BN
080 ## - NÚMERO DE LA CLASIFICACIÓN DECIMAL UNIVERSAL
Número de la Clasificación Decimal Universal 929 Gallimard, Gaston
080 ## - NÚMERO DE LA CLASIFICACIÓN DECIMAL UNIVERSAL
Número de la Clasificación Decimal Universal 655.52(44)"19"
100 ## - ENTRADA PRINCIPAL--NOMBRE DE PERSONA
Nombre de persona Assouline, Pierre,
Fechas asociadas al nombre 1953-....
9 (RLIN) 239236
245 10 - MENCIÓN DEL TÍTULO
Título Gaston Gallimard
Resto del título : medio siglo de edición en Francia /
Mención de responsabilidad, etc. Pierre Assouline ; prólogo de Rafael Conte ; traducción de Ana Montero.
250 ## - MENCION DE EDICION
Mención de edición 1ª ed. en Ediciones Península.
260 ## - PUBLICACIÓN, DISTRIBUCIÓN, ETC.
Lugar de publicación, distribución, etc. Barcelona :
Nombre del editor, distribuidor, etc. Península,
Fecha de publicación, distribución, etc. 2003.
300 ## - DESCRIPCIÓN FÍSICA
Extensión 463 p. ;
Dimensiones 26 cm.
490 1# - MENCIÓN DE SERIE
Mención de serie Atalaya ;
Designación de volumen o secuencia 118
504 ## - NOTA DE BIBLIOGRAFÍA, ETC.
Nota de bibliografía, etc. Bibliografía: p. 435-444. Indice.
600 14 - PUNTO DE ACCESO ADICIONAL DE MATERIA--NOMBRE DE PERSONA
Nombre de persona Gallimard, Gaston-
Subdivisión general Biografías.
9 (RLIN) 53628
650 14 - PUNTO DE ACCESO ADICIONAL DE MATERIA--TÉRMINO DE MATERIA
Término de materia o nombre geográfico como elemento de entrada Editores-
Subdivisión geográfica Francia-
Subdivisión cronológica S.XX.
9 (RLIN) 12065
650 14 - PUNTO DE ACCESO ADICIONAL DE MATERIA--TÉRMINO DE MATERIA
Término de materia o nombre geográfico como elemento de entrada Libros-
Subdivisión geográfica Francia
9 (RLIN) 14434
700 1# - ENTRADA AGREGADA--NOMBRE PERSONAL
Nombre de persona Conte, Rafael.
9 (RLIN) 40270
700 1# - ENTRADA AGREGADA--NOMBRE PERSONAL
Nombre de persona Montero, Anna.
9 (RLIN) 82468
830 0# - PUNTO DE ACCESO ADICIONAL DE SERIE-TÍTULO UNIFORME
Título uniforme Atalaya ;
Designación de volumen o secuencia 118
9 (RLIN) 180261
852 ## - LOCALIZACIÓN
Ubicación ES-MaACL
Número de control de estantería L-26994
Sublocalización o colección R.132740
Holdings
Estatus retirado Estado de pérdida Estado de daño No para préstamo Biblioteca de origen Biblioteca actual Ubicación en estantería Fecha de adquisición Fuente de adquisición Total de préstamos Signatura topográfica completa Código de barras Visto por última vez Precio de reemplazo Tipo de ítem Koha
        Biblioteca del Ateneo de Madrid Biblioteca del Ateneo de Madrid Depósito 2 17/01/2008     L-26994 1069667 23/02/2023 23/02/2023 Libro impreso